Statystyki dla Wymień Losowe Państwa Świata

Kliknij tutaj aby rozwiązać quiz!

Ogólne statystyki

  • Ten quiz został rozwiązany 96 razy
  • Średni wynik to 34 z 48

Statystyki odpowiedzi

Odpowiedź% Poprawnych
Polska
100%
Ukraina
100%
Francja
99%
Włochy
99%
Rosja
98%
Chiny
97%
Norwegia
95%
Brazylia
94%
Indie
94%
Kanada
94%
Rumunia
94%
Argentyna
93%
Austria
93%
Stany Zjednoczone
93%
Irlandia
92%
Korea Południowa
92%
Australia
91%
Iran
86%
Egipt
85%
Korea Północna
85%
Meksyk
84%
Nowa Zelandia
83%
Chile
80%
Nigeria
77%
Republika Południowej Afryki
77%
Kolumbia
75%
Kuba
74%
Wenezuela
71%
Panama
66%
Peru
66%
Mongolia
64%
Angola
54%
Ghana
54%
Haiti
54%
Papua Nowa Gwinea
53%
Afganistan
52%
Mali
49%
Grenlandia
46%
Sudan
46%
Bahamy
44%
Gujana
44%
Nauru
41%
Surinam
40%
Wyspy Marshalla
40%
Zimbabwe
40%
Antarktyda
30%
Tonga
28%
Tuvalu
26%

Rozkład punktacji

Percentyl według liczby udzielonych odpowiedzi

Procent ludzi z każdym wynikiem

Twoja historia wyników

Nie rozwiązałeś tego quizu